Statistics for SZA - Garden (Say It Like Dat) (All Lyrics)

Click here to take the quiz!

General Stats

  • This quiz has been taken 112 times
    (102 since last reset)
  • The average score is 279 of 334

Answer Stats

Answer% Correct
I
99%
a
97%
that?
97%
that
97%
You
97%
you
97%
for
96%
For
96%
it
96%
me,
96%
me
96%
say
96%
love
95%
Love
95%
Need
95%
need
95%
Can
93%
can
93%
do
93%
my
93%
never
93%
sanity
93%
like
92%
the
92%
to
92%
your
92%
be
90%
booty,
90%
booty
90%
get
90%
if
90%
know
90%
remind
90%
ain't
89%
and
89%
big
89%
come
89%
difficult
89%
difficult,
89%
down
89%
find
89%
from
89%
on
89%
when
89%
where
89%
Earth
88%
even
88%
of
88%
old
88%
out
88%
bullshit
86%
heart
86%
I'm
86%
no
86%
up
86%
bigger
85%
call
85%
Call
85%
'cause
85%
'Cause
85%
hopin'
85%
gettin'
84%
Lie
84%
real,
84%
Open
82%
believe
81%
else,
81%
anyone
79%
but
79%
keep
79%
pain
79%
tumblin',
79%
am
78%
really
77%
who
77%
you'll
77%
gravity?
75%
rain
75%
support
75%
games,
74%
playin'
73%
back
70%
you're
70%
spiralin',
68%
are
67%
forth
67%
not
67%
Oh,
66%
hope
64%
how
64%
just
64%
got
63%
Got
63%
hold
60%
I'll
60%
rather
60%
panties
59%
with
59%
Ground
58%
havin'
58%
you'd
58%
sensitive
56%
nobody,
55%
plummetin'
55%
she
55%
about
53%
laid
53%
In
52%
now
52%
must
45%
us?
44%
hella
42%
only
42%
around
41%
I'd
41%
probably
40%
mean
38%
positive
38%
paid
37%
phone
37%
nobody's
34%
case
32%
buddy
30%
Boy,
27%
we're
26%
'gain
25%
one
18%
(Wow)
16%
more
12%

Score Distribution

Percentile by Number Answered

Percent of People with Each Score

Your Score History

You have not taken this quiz since the last reset